| 000 | 00799nam a2200325Ia 4500 | ||
|---|---|---|---|
| 008 | 170203s9999 xx 000 0 und d | ||
| 020 | _a9780545155601 | ||
| 050 | _aFic | ||
| 050 | _b.D317m 2008 | ||
| 100 | _adeGroat, Diane | ||
| 245 | _aMother, You're the Best! (But Sister, You're a Pest / | ||
| 245 | _cDiane deGroat. | ||
| 250 | _a1st ed. | ||
| 260 | _aNew York : | ||
| 260 | _bScholastic Inc., | ||
| 260 | _c2008 | ||
| 300 | _a1 v. (unpaged) : | ||
| 300 | _bcol. ill. ; | ||
| 300 | _c27 cm. | ||
| 650 | _aBrothers and sisters-- | ||
| 650 | _aHelpfulness-- | ||
| 650 | _aMother's Day-- | ||
| 650 | _aOpossums-- | ||
| 650 | _aSibling rivalry-- | ||
| 650 | _xFiction. | ||
| 650 | _xFiction. | ||
| 650 | _xFiction. | ||
| 650 | _xFiction. | ||
| 650 | _xFiction. | ||
| 999 |
_c306038 _d306038 |
||